000 00309nam a22001337a 4500
008 181024b xxu||||| |||| 00| 0 eng d
020 _a9780324421408
041 _aeng
080 _a338
100 _a52
101 _aMAN
245 _aManaging A compntecy Based Approach
_cSlocum.h.j
942 _2udc
_cBK
999 _c50785
_d50785